| 000 | 01339cam a2200409 4500 | ||
|---|---|---|---|
| 999 |
_c23242 _d23242 |
||
| 001 | vtls011790139 | ||
| 005 | 20220428104802.0 | ||
| 008 | 200316s2018 xo er 000 f slo | ||
| 020 |
_a9788055163000 _q(viazané) |
||
| 035 | _aurn:nbn:sk:snk-am00di9c | ||
| 035 | _aurn:nbn:sk:snk-am3i365 | ||
| 035 | _aE42E32E1-A928-4609-A1FC-5603B4E31169 | ||
| 040 |
_aSKPK _bslo _cSKPK _dSNK _erda |
||
| 041 | 1 |
_aslo _hswe |
|
| 044 |
_axo _cSK |
||
| 072 | 7 |
_a821.11 _xGermánske literatúry _2konspekt |
|
| 080 |
_a821.113.6-31 _22011 |
||
| 080 |
_a(0:82-312.4) _22011 |
||
| 100 | 1 |
_aNorman, Andreas, _d1972- _4aut _93063 |
|
| 240 | 1 | 3 |
_aDe Otrogna _lSlovensky |
| 245 | 1 | 0 |
_aTichá vojna _cAndreas Norman ; preložila Alexandra Debnárová |
| 264 | 1 |
_aBratislava _bIkar _c2018 |
|
| 300 |
_a292 strán _c21 cm |
||
| 336 |
_atext _btxt _2rdacontent |
||
| 337 |
_abez média _bn _2rdamedia |
||
| 338 |
_azväzok _bnc _2rdacarrier |
||
| 500 | _aPreložené zo švédčiny | ||
| 655 | 7 |
_ašvédske romány _2SNKPH _91715 |
|
| 655 | 7 |
_ašpionážne romány _2SNKPH _91786 |
|
| 655 | 7 |
_atrilery (romány) _2SNKPH _92135 |
|
| 655 | 7 |
_aSwedish fiction _2SNKPHeng _91716 |
|
| 655 | 7 |
_aSpy novels _2SNKPHeng _91785 |
|
| 655 | 7 |
_aThrillers (novels) _2SNKPHeng _91722 |
|
| 700 | 1 |
_aDebnárová, Alexandra, _d1985- _4trl _92402 |
|
| 958 | _aLX | ||
| 958 | _aUP | ||